[Event "ITA-ch blind 46th"]
[Site "Grisolia Lido"]
[Date "2018.09.03"]
[Round "1.2"]
[White "Vilone, Gennaro"]
[Black "Casadei, Marco"]
[Result "0-1"]
[WhiteElo "1428"]
[BlackElo "1886"]
[PlyCount "82"]
[EventDate "2018.09.03"]
[EventType "swiss"]
[EventRounds "6"]
[EventCountry "ITA"]
[SourceTitle "EXT 2024"]
[Source "ChessBase"]
[SourceDate "2023.10.10"]
[SourceVersion "1"]
[SourceVersionDate "2023.10.10"]
[SourceQuality "1"]

1. e4 c5 2. d4 cxd4 3. f4 Nc6 4. Nf3 Qb6 5. Qd3 e6 6. a3 Nf6 7. Nbd2 a5 8. Be2 a4 9. Nc4 Qc5 10. Bd2 d6 11. e5 dxe5 12. fxe5 Nd7 13. Nd6+ Bxd6 14. exd6 Qxd6 15. 0-0 Nc5 16. Qc4 b5 17. Qa2 Ba6 18. Ng5 0-0 19. Bf4 e5 20. Bg3 Ra7 21. Rf2 h6 22. Nxf7 Raxf7 23. Rxf7 Rxf7 24. Rf1 Qe6 25. Qxe6 Nxe6 26. Bf3 Bb7 27. Bd5 Rxf1+ 28. Kxf1 Ncd8 29. Bxe6+ Nxe6 30. Bxe5 Be4 31. c3 d3 32. g3 Nc5 33. Bf4 Nb3 34. Ke1 g5 35. Be3 Kf7 36. h4 Kg6 37. hxg5 hxg5 38. Bd2 Nxd2 39. Kxd2 Kf5 40. Ke3 Kg4 41. Kf2 Kh3 0-1